000 00377nam a22001577a 4500
003 OSt
005 20211008111406.0
008 211008b |||||||| |||| 00| 0 eng d
040 _cHU
082 _25ed
_a301/SCU
100 _aRaymond Scupin
_911611
245 _aAnthropology a GLOBAL PERSPECTIVE
260 _aNew Delhi
_bhall
_c2004
300 _a710
942 _2ddc
_cBOOKS
_n0
999 _c10765
_d10765